[Event "San Sebastian op 43rd"]
[Site "San Sebastian"]
[Date "2023.04.02"]
[Round "3"]
[White "Alfaro Garcia del Cerro, Juan L"]
[Black "Stremavicius, Titas"]
[Result "0-1"]
[WhiteElo "2213"]
[BlackElo "2532"]
[PlyCount "80"]
[EventDate "2023.04.01"]
[EventType "swiss"]
[EventRounds "9"]
[EventCountry "ESP"]
[SourceTitle "CBM 213 Extra"]
[Source "ChessBase"]
[SourceDate "2023.05.31"]
[SourceVersion "1"]
[SourceVersionDate "2023.05.31"]
[SourceQuality "1"]

1. d4 d5 2. c4 e6 3. Nf3 Nf6 4. g3 Bb4+ 5. Bd2 Be7 6. Bg2 0-0 7. 0-0 c6 8. Qc2 Nbd7 9. Rc1 Ne4 10. a3 a5 11. Nc3 Nxd2 12. Nxd2 f5 13. Rab1 Bd6 14. b4 Qe7 15. Qb3 Kh8 16. Rc2 f4 17. e4 fxe3 18. fxe3 Nf6 19. e4 axb4 20. axb4 e5 21. exd5 exd4 22. Nce4 cxd5 23. Nxf6 dxc4 24. Qxc4 Qxf6 25. Ne4 Qe5 26. Rd2 Rd8 27. Rf1 Be7 28. Kh1 Be6 29. Qd3 b5 30. Nc5 Bc4 31. Qb1 Bxf1 32. Bxa8 Bxc5 33. Qxf1 Rxa8 34. bxc5 Qxc5 35. Qf3 Rd8 36. Kg2 h6 37. Rd3 b4 38. Qe4 Qc2+ 39. Kh3 b3 40. Rxd4 Rxd4 0-1

[Event "San Sebastian Gros op 28th"]
[Site "San Sebastian"]
[Date "2018.06.26"]
[Round "6"]
[White "Alfaro Garcia del Cerro, Juan L"]
[Black "Maisuradze, Nino"]
[Result "0-1"]
[WhiteElo "2155"]
[BlackElo "2200"]
[PlyCount "148"]
[EventDate "2018.06.22"]
[EventType "swiss"]
[EventRounds "9"]
[EventCountry "ESP"]
[SourceTitle "CBM 185 Extra"]
[Source "ChessBase"]
[SourceDate "2018.07.29"]
[SourceVersion "1"]
[SourceVersionDate "2018.07.29"]
[SourceQuality "1"]

1. d4 d5 2. c4 e6 3. Nf3 Nf6 4. g3 Bb4+ 5. Bd2 Be7 6. Bg2 0-0 7. 0-0 Nbd7 8. Qc2 c6 9. a4 a5 10. Rc1 Ne4 11. Be1 f5 12. e3 g5 13. Nc3 Qe8 14. Nd2 Nxd2 15. Bxd2 Nf6 16. Qd1 Qg6 17. Qe2 Bd7 18. Rf1 Kh8 19. Rae1 g4 20. f4 gxf3 21. Bxf3 Bd6 22. Qg2 Rg8 23. Ne2 Ne4 24. Nf4 Bxf4 25. exf4 Nxd2 26. Qxd2 dxc4 27. Qc3 Rg7 28. Qxc4 h5 29. Kf2 Rag8 30. Qe2 h4 31. Qe5 b5 32. Rg1 Qh6 33. g4 Kh7 34. g5 Qg6 35. axb5 cxb5 36. Rc1 a4 37. Rc7 Be8 38. Rgc1 b4 39. d5 Bd7 40. d6 Rf7 41. Rb7 a3 42. bxa3 bxa3 43. Rcc7 Qg7 44. Qxg7+ Rgxg7 45. Bh5 a2 46. g6+ Kh6 47. gxf7 a1Q 48. f8Q Qd4+ 49. Ke1 Kxh5 50. Qh8+ Kg4 51. Rxd7 Qe4+ 52. Kd2 Qd4+ 53. Kc2 Qa4+ 54. Kc3 Rxd7 55. Qg8+ Kf3 56. Rxd7 Qxd7 57. Qa8+ Kxf4 58. Qa6 Ke5 59. Qb6 Qxd6 60. Qe3+ Kd5 61. Qd4+ Kc6 62. Qa4+ Kb6 63. Qxh4 f4 64. Kc4 Qc5+ 65. Kd3 Qe3+ 66. Kc4 Qc5+ 67. Kd3 Qe3+ 68. Kc4 Qe2+ 69. Kb4 Qd2+ 70. Kc4 f3 71. Qg3 Qc2+ 72. Kd4 e5+ 73. Kd5 Qc6+ 74. Kxe5 Qc7+ 0-1

[Event "Euskadi-ch"]
[Site "Pamplona"]
[Date "2018.04.08"]
[Round "7"]
[White "Marchena Hurtado, Javier"]
[Black "Alfaro Garcia del Cerro, Juan L"]
[Result "1-0"]
[WhiteElo "2354"]
[BlackElo "2171"]
[PlyCount "63"]
[EventDate "2018.04.02"]
[EventType "swiss"]
[EventRounds "7"]
[EventCountry "ESP"]
[SourceTitle "EXT 2021"]
[Source "ChessBase"]
[SourceDate "2020.10.23"]
[SourceVersion "1"]
[SourceVersionDate "2020.10.23"]
[SourceQuality "1"]

1. d4 Nf6 2. c4 g6 3. Nf3 Bg7 4. g3 0-0 5. Bg2 d5 6. cxd5 Nxd5 7. 0-0 Nc6 8. Nc3 Nb6 9. e3 Re8 10. Re1 e5 11. d5 Na5 12. e4 c6 13. b3 cxd5 14. exd5 e4 15. Nxe4 Rxe4 16. Rxe4 Bxa1 17. Bg5 Bf6 18. Bxf6 Qxf6 19. Qd2 Bf5 20. Re1 Nac4 21. bxc4 Nxc4 22. Qf4 Qa6 23. Bf1 b5 24. Nd4 Bd7 25. Re7 Be8 26. Bxc4 bxc4 27. Ne6 Qa4 28. Qd4 f6 29. Rg7+ Kh8 30. Rd7 Qxd7 31. Qxf6+ Kg8 32. Qf8# 1-0

[Event "San Sebastian op 41st"]
[Site "San Sebastian"]
[Date "2018.03.27"]
[Round "5"]
[White "Habans Aguerrea, Javier"]
[Black "Alfaro Garcia del Cerro, Juan L"]
[Result "1-0"]
[WhiteElo "1930"]
[BlackElo "2176"]
[PlyCount "111"]
[EventDate "2018.03.24"]
[EventType "swiss"]
[EventRounds "9"]
[EventCountry "ESP"]
[SourceTitle "CBM 183 Extra"]
[Source "ChessBase"]
[SourceDate "2018.04.19"]
[SourceVersion "1"]
[SourceVersionDate "2018.04.19"]
[SourceQuality "1"]

1. d4 Nf6 2. Bg5 d5 3. e3 c5 4. Nd2 cxd4 5. exd4 Nc6 6. c3 Qb6 7. Qb3 e6 8. Qxb6 axb6 9. Ngf3 Bd6 10. Bd3 Bd7 11. 0-0 0-0 12. Rfe1 Rfc8 13. Ne5 Be8 14. f4 Nd7 15. Bh4 Ne7 16. Bxe7 Bxe7 17. Ndf3 g6 18. Nxd7 Bxd7 19. Ne5 Be8 20. g4 f6 21. Nf3 Kf7 22. Rf1 Bd6 23. Ne1 Ra5 24. Ng2 Bb5 25. Rf3 Bxd3 26. Rxd3 b5 27. f5 exf5 28. gxf5 Rc7 29. fxg6+ hxg6 30. Ne3 b4 31. cxb4 Bxb4 32. a3 Bd6 33. Rf1 f5 34. b4 Ra8 35. Nxd5 Rc2 36. Rf2 Rxf2 37. Kxf2 Bxh2 38. Nb6 Ra6 39. Nc4 b5 40. Na5 Bc7 41. Nb7 Rb6 42. Nc5 g5 43. d5 Rh6 44. Ne6 Bb6+ 45. Kg2 g4 46. Rc3 Ke7 47. Rc6 Be3 48. Nd4 Rh5 49. Re6+ Kd7 50. Rxe3 f4 51. Re4 f3+ 52. Kg3 Rg5 53. Nxb5 Rf5 54. Re1 Rxd5 55. Nc3 Rd3 56. Rd1 1-0

[Event "San Sebastian op 41st"]
[Site "San Sebastian"]
[Date "2018.03.25"]
[Round "3"]
[White "Iruzubieta Villaluenga, Jesus Maria"]
[Black "Alfaro Garcia del Cerro, Juan L"]
[Result "1-0"]
[WhiteElo "2426"]
[BlackElo "2176"]
[PlyCount "67"]
[EventDate "2018.03.24"]
[EventType "swiss"]
[EventRounds "9"]
[EventCountry "ESP"]
[SourceTitle "CBM 183 Extra"]
[Source "ChessBase"]
[SourceDate "2018.04.19"]
[SourceVersion "1"]
[SourceVersionDate "2018.04.19"]
[SourceQuality "1"]

1. c4 c5 2. Nf3 Nc6 3. d4 cxd4 4. Nxd4 e5 5. Nb5 a6 6. N5c3 Bc5 7. g3 Nge7 8. Bg2 0-0 9. 0-0 b5 10. cxb5 axb5 11. Ne4 Bb4 12. Nd6 Ra6 13. Nc3 Nd4 14. Ndxb5 Nxb5 15. Nxb5 d5 16. Bd2 Bxd2 17. Qxd2 Qa5 18. Qxa5 Rxa5 19. a4 Bd7 20. b4 Ra6 21. Nc3 Be6 22. Rfc1 e4 23. e3 Rb8 24. Bf1 Ra7 25. Rcb1 Nc6 26. b5 Na5 27. Ne2 Rba8 28. Nd4 Nb7 29. Rc1 Na5 30. Rc5 Kf8 31. Rb1 Ke7 32. b6 Kd6 33. bxa7 Kxc5 34. Rb5+ 1-0

[Event "Gipuzkoa-ch Primera"]
[Site "Bergara"]
[Date "2016.11.26"]
[Round "7"]
[White "Fernandez Zubitur, Asier"]
[Black "Alfaro Garcia del Cerro, Juan L"]
[Result "0-1"]
[WhiteElo "1632"]
[BlackElo "2072"]
[PlyCount "24"]
[EventDate "2016.10.15"]
[EventType "swiss"]
[EventRounds "7"]
[EventCountry "ESP"]
[SourceTitle "EXT 2024"]
[Source "ChessBase"]
[SourceDate "2023.10.10"]
[SourceVersion "1"]
[SourceVersionDate "2023.10.10"]
[SourceQuality "1"]

1. e4 c5 2. b3 g6 3. Bb2 Nf6 4. e5 Nd5 5. Nf3 Bg7 6. d4 cxd4 7. Bxd4 Nc6 8. e6 Qa5+ 9. c3 Nxd4 10. exf7+ Kf8 11. Nxd4 Nxc3 12. Qd2 Qe5+ 0-1

[Event "Gipuzkoa-ch Primera"]
[Site "Bergara"]
[Date "2016.10.15"]
[Round "1"]
[White "Nogues Fernandez, Ramon"]
[Black "Alfaro Garcia del Cerro, Juan L"]
[Result "1-0"]
[WhiteElo "1925"]
[BlackElo "2072"]
[PlyCount "71"]
[EventDate "2016.10.15"]
[EventType "swiss"]
[EventRounds "7"]
[EventCountry "ESP"]
[SourceTitle "EXT 2024"]
[Source "ChessBase"]
[SourceDate "2023.10.10"]
[SourceVersion "1"]
[SourceVersionDate "2023.10.10"]
[SourceQuality "1"]

1. e4 c5 2. Nf3 d6 3. d4 cxd4 4. Nxd4 Nf6 5. Nc3 a6 6. f4 e5 7. Nf3 Qc7 8. Bd3 Nbd7 9. 0-0 Be7 10. Kh1 b5 11. a3 Bb7 12. Qe1 Rc8 13. Nh4 g6 14. Nf3 exf4 15. Bxf4 Nh5 16. Bh6 Qc5 17. Be3 Qc7 18. Bh6 Qc5 19. Rd1 Bf8 20. Be3 Qc7 21. Bd4 Bg7 22. Bxb5 0-0 23. Bxg7 Nxg7 24. Bxd7 Qxd7 25. Qd2 Rfd8 26. Ne5 Qe6 27. Nxf7 Rd7 28. Ng5 Qe5 29. Nf3 Qc5 30. Qd4 Qh5 31. Qb4 Ne8 32. Nd5 Rxc2 33. Qb3 Bxd5 34. Rxd5 Qg4 35. Qxc2 Nf6 36. Rd4 1-0

[Event "San Sebastian Gros op 26th"]
[Site "San Sebastian"]
[Date "2016.06.27"]
[Round "5"]
[White "Alfaro Garcia del Cerro, Juan L"]
[Black "Kohlweyer, Bernd"]
[Result "1/2-1/2"]
[WhiteElo "1998"]
[BlackElo "2375"]
[PlyCount "41"]
[EventDate "2016.06.24"]
[EventType "swiss"]
[EventRounds "9"]
[EventCountry "ESP"]
[SourceTitle "EXT 2017"]
[Source "ChessBase"]
[SourceDate "2016.10.25"]
[SourceVersion "1"]
[SourceVersionDate "2016.10.25"]
[SourceQuality "1"]

1. Nf3 g6 2. d4 Bg7 3. c4 Nf6 4. Nc3 d5 5. cxd5 Nxd5 6. e4 Nxc3 7. bxc3 c5 8. Be3 Bg4 9. Qd2 Bxf3 10. gxf3 Nc6 11. d5 Qa5 12. Rc1 Ne5 13. Be2 c4 14. Bd4 0-0 15. f4 Nd7 16. Bxg7 Kxg7 17. Bxc4 Rac8 18. Bd3 Rc5 19. c4 Rfc8 20. Qxa5 Rxa5 21. Rc2 1/2-1/2

[Event "Euskadi-ch"]
[Site "Zornotza"]
[Date "2016.03.31"]
[Round "4"]
[White "Franco Alonso, Alejandro"]
[Black "Alfaro Garcia del Cerro, Juan L"]
[Result "1-0"]
[WhiteElo "2434"]
[BlackElo "1930"]
[PlyCount "69"]
[EventDate "2016.03.28"]
[EventType "swiss"]
[EventRounds "7"]
[EventCountry "ESP"]
[SourceTitle "EXT 2018"]
[Source "ChessBase"]
[SourceDate "2017.10.13"]
[SourceVersion "1"]
[SourceVersionDate "2017.10.13"]
[SourceQuality "1"]

1. d4 Nf6 2. Nf3 g6 3. g3 Bg7 4. Bg2 0-0 5. 0-0 d5 6. c4 c6 7. cxd5 cxd5 8. Nc3 Nc6 9. Ne5 Bf5 10. Nxc6 bxc6 11. Bf4 Ne4 12. Na4 f6 13. Rc1 e5 14. Be3 Rc8 15. Nc5 Nxc5 16. Rxc5 Qd6 17. Qa4 Bd7 18. Rfc1 Kh8 19. Ra5 Rb8 20. b3 Rb4 21. Qa3 Qb8 22. Rxa7 Rd8 23. dxe5 Bf8 24. Qa5 d4 25. Bf4 Rb5 26. exf6 Qxf4 27. Qxd8 Qxc1+ 28. Bf1 Qh6 29. Rxd7 Rd5 30. Rxd5 cxd5 31. b4 Kg8 32. Qxd5+ Kh8 33. Qxd4 Qh5 34. f7+ Bg7 35. f8R# 1-0

[Event "Gipuzkoa-ch"]
[Site "Donostia"]
[Date "2015.10.10"]
[Round "2.4"]
[White "Alfaro Garcia del Cerro, Juan L"]
[Black "Alvarado Fernandez, Mikel"]
[Result "1/2-1/2"]
[WhiteElo "1956"]
[BlackElo "1874"]
[PlyCount "72"]
[EventDate "2015.10.03"]
[EventType "swiss"]
[EventRounds "7"]
[EventCountry "ESP"]
[SourceTitle "EXT 2024"]
[Source "ChessBase"]
[SourceDate "2023.10.10"]
[SourceVersion "1"]
[SourceVersionDate "2023.10.10"]
[SourceQuality "1"]

1. Nf3 d5 2. c4 c6 3. g3 Nf6 4. Bg2 g6 5. b3 Bg7 6. Bb2 0-0 7. 0-0 Nbd7 8. e3 dxc4 9. bxc4 Qc7 10. d3 b6 11. Nc3 Bb7 12. Qe2 Rad8 13. Rfd1 Rfe8 14. a4 e5 15. a5 Nc5 16. axb6 axb6 17. Ne1 Ra8 18. Qc2 Reb8 19. Rdb1 Ne6 20. Na4 Nd7 21. Bc3 Ra6 22. Qb3 Rba8 23. Qc2 R8a7 24. Bb2 Bc8 25. Nc3 Ndc5 26. Kf1 Bd7 27. Qd1 Qd6 28. Ke2 f5 29. Rxa6 Rxa6 30. Ra1 Bc8 31. Qc2 Nc7 32. Ba3 Be6 33. Bxc5 bxc5 34. Rxa6 Nxa6 35. Qa4 Nb4 36. e4 Qd4 1/2-1/2

[Event "ESP-ch U18"]
[Site "Salobrena"]
[Date "2015.07.29"]
[Round "5"]
[White "Bernal Gomez, Alejandro"]
[Black "Alfaro Garcia del Cerro, Juan L"]
[Result "1-0"]
[WhiteElo "2044"]
[BlackElo "1872"]
[PlyCount "111"]
[EventDate "2015.07.27"]
[EventType "swiss"]
[EventRounds "9"]
[EventCountry "ESP"]
[SourceTitle "EXT 2016"]
[Source "ChessBase"]
[SourceDate "2015.10.08"]
[SourceVersion "1"]
[SourceVersionDate "2015.10.08"]
[SourceQuality "1"]

1. d4 Nf6 2. Nf3 e6 3. e3 b6 4. Nbd2 Bb7 5. Bd3 d5 6. 0-0 Bd6 7. Ne5 0-0 8. f4 Ne4 9. c3 f5 10. Ndf3 Ba6 11. c4 Qe8 12. Qb3 c6 13. a4 Nd7 14. Nxd7 Qxd7 15. cxd5 Bxd3 16. dxe6 Qe7 17. Qxd3 Qxe6 18. Bd2 Rad8 19. a5 Rfe8 20. Rfe1 Nxd2 21. Qxd2 Qb3 22. Qc3 Qb5 23. axb6 axb6 24. Ra7 Ra8 25. Rea1 Rxa7 26. Rxa7 Qe2 27. Ne5 Bxe5 28. dxe5 Rd8 29. h3 Qd1+ 30. Kh2 Qd3 31. Qxc6 Qxe3 32. Rxg7+ Kxg7 33. Qf6+ Kg8 34. Qxd8+ Kg7 35. Qf6+ Kg8 36. Qe6+ Kg7 37. Qe7+ Kg8 38. Qg5+ Kh8 39. Qxf5 h6 40. Qf6+ Kh7 41. e6 h5 42. e7 h4 43. Qxh4+ Kg7 44. Qg3+ Qxg3+ 45. Kxg3 Kf7 46. Kf3 Kxe7 47. Ke4 Ke6 48. h4 Kf6 49. g4 Kg6 50. Kd5 Kf6 51. Kc6 b5 52. Kxb5 Kg6 53. Kc6 Kf6 54. b4 Kg6 55. b5 Kf6 56. b6 1-0

[Event "San Sebastian Gros op 25th"]
[Site "San Sebastian"]
[Date "2015.06.27"]
[Round "3"]
[White "Argandona Riveiro, Inigo"]
[Black "Alfaro Garcia del Cerro, Juan L"]
[Result "1-0"]
[WhiteElo "2421"]
[BlackElo "1858"]
[PlyCount "50"]
[EventDate "2015.06.26"]
[EventType "swiss"]
[EventRounds "9"]
[EventCountry "ESP"]
[SourceTitle "CBM 167 Extra"]
[Source "ChessBase"]
[SourceDate "2015.09.14"]
[SourceVersion "1"]
[SourceVersionDate "2015.09.14"]
[SourceQuality "1"]

1. g3 Nf6 2. Bg2 d5 3. Nf3 e6 4. 0-0 Be7 5. d3 0-0 6. Nbd2 c5 7. e4 Nc6 8. Re1 b5 9. e5 Nd7 10. h4 Qc7 11. Qe2 a5 12. Nf1 Bb7 13. Bf4 b4 14. Ne3 Rfb8 15. Ng5 Nf8 16. c3 bxc3 17. bxc3 Ra7 18. Nxd5 exd5 19. e6 Bd6 20. exf7+ Kh8 21. Ne6 Qd7 22. Nxf8 Rxf8 23. Qe8 Ba6 24. Bxd6 Qxd6 25. Re6 Qd7 1-0

[Event "Donostia Spring op 10th"]
[Site "Donostia"]
[Date "2014.06.21"]
[Round "7.9"]
[White "Torres, Patrice"]
[Black "Alfaro Garcia del Cerro, Juan L"]
[Result "0-1"]
[WhiteElo "1919"]
[BlackElo "1566"]
[PlyCount "48"]
[EventDate "2014.05.10"]
[EventType "swiss"]
[EventRounds "7"]
[EventCountry "ESP"]
[SourceTitle "EXT 2024"]
[Source "ChessBase"]
[SourceDate "2023.10.10"]
[SourceVersion "1"]
[SourceVersionDate "2023.10.10"]
[SourceQuality "1"]

1. d4 d6 2. e4 Nf6 3. Nc3 g6 4. Bc4 Bg7 5. h3 c6 6. Be3 b5 7. Bd3 Nbd7 8. Nf3 e5 9. Qd2 0-0 10. 0-0-0 a5 11. Kb1 Qc7 12. dxe5 dxe5 13. g4 Rd8 14. Bh6 Ba6 15. Nh4 b4 16. Na4 Bb5 17. Bxg7 Kxg7 18. b3 Bxa4 19. bxa4 Nc5 20. Nf5+ gxf5 21. Qg5+ Kf8 22. gxf5 Ncxe4 23. Qh6+ Ke7 24. Bxe4 Rxd1+ 0-1

[Event "San Sebastian op 37th"]
[Site "San Sebastian"]
[Date "2014.04.16"]
[Round "6"]
[White "Estremera Panos, Sergio"]
[Black "Alfaro Garcia del Cerro, Juan L"]
[Result "1-0"]
[WhiteElo "2353"]
[BlackElo "1516"]
[PlyCount "35"]
[EventDate "2014.04.12"]
[EventType "swiss"]
[EventRounds "9"]
[EventCountry "ESP"]
[SourceTitle "CBM 159 Extra"]
[Source "ChessBase"]
[SourceDate "2014.04.24"]
[SourceVersion "1"]
[SourceVersionDate "2014.04.24"]
[SourceQuality "1"]

1. d4 e6 2. e4 b6 3. Nc3 Bb7 4. Nf3 Bb4 5. Bd3 d6 6. 0-0 Nf6 7. Qe2 Nbd7 8. e5 dxe5 9. dxe5 Bxf3 10. gxf3 Nh5 11. Bb5 Qh4 12. Rd1 Rd8 13. Ne4 Qe7 14. Bg5 f6 15. Rxd7 Rxd7 16. Rd1 fxg5 17. Rxd7 Qf8 18. Qd3 1-0